[Event "Ashmaster's Cup Standard Chess Over 1600 Section"]
[Site "SchemingMind.com"]
[Date "2005.06.07"]
[Round "-"]
[White "phildo"]
[Black "Ashmaster"]
[Result "1-0"]
[WhiteCountry "BDI"]
[BlackCountry "IRL"]
[WhiteElo "1714"]
[WhiteRD "92"]
[BlackElo "1432"]
[BlackRD "65"]
[GameID "17211"]

1. e4 c5 2. Nf3 d6 3. d4 cxd4 4. Nxd4 Nf6 5. Nc3 a6 6. Bg5 Nbd7 7. f4 Qc7 8. Qf3 e6 9. O-O-O Be7 10. g4 Nc5
11. Bxf6 Bxf6 12. g5 Bxd4 13. Rxd4 Qa5 14. h4 Qb6 15. h5 e5 16. fxe5 dxe5 17. Rd5 Nd7 18. Bh3 f6 19. Rhd1
1-0

[Event "Ashmaster's Cup Standard Chess Over 1600 Section"]
[Site "SchemingMind.com"]
[Date "2005.06.07"]
[Round "-"]
[White "Ashmaster"]
[Black "phildo"]
[Result "0-1"]
[WhiteCountry "IRL"]
[BlackCountry "BDI"]
[WhiteElo "1432"]
[WhiteRD "65"]
[BlackElo "1714"]
[BlackRD "92"]
[GameID "17212"]

1. d4 Nf6 2. Bg5 e6 3. Nf3 d5 4. Ne5 c5 5. c3 Nc6 6. Nxc6 bxc6 7. Bxf6 Qxf6 8. e3 c4 9. b3= cxb3 10. axb3 Bd7
11. Ba6 Rb8 12. Bd3 Rb7 13. Ba6 Rc7 14. Bd3 c5 15. O-O Bd6 16. Nd2 O-O 17. Qc2 h6 18. Ra2 Rfc8 19. Rfa1 cxd4 20. exd4 Rxc3
21. Qb1 Qxd4 22. Bh7+ Kh8 23. Nf3 Qf4 24. Rxa7 Rc1+ 25. Ne1 Qxh2+ 26. Kf1 Rxb1 27. Rxb1 Bb5+
0-1

[Event "Ashmaster's Cup Standard Chess Over 1600 Section"]
[Site "SchemingMind.com"]
[Date "2005.06.09"]
[Round "-"]
[White "Claude"]
[Black "Ashmaster"]
[Result "0-1"]
[WhiteCountry "ROU"]
[BlackCountry "IRL"]
[WhiteElo "1582"]
[WhiteRD "89"]
[BlackElo "1256"]
[BlackRD "75"]
[GameID "17353"]

1. e4 c5 2. Nf3 d6 3. d4 cxd4 4. Nxd4 Nf6 5. Nc3 a6 6. Be3 e5 7. Nb3 Be6 8. Be2 Nc6 9. Qd2 Be7 10. Nd5 Nxd5
11. exd5 Qd7
0-1

[Event "Ashmaster's Cup Standard Chess Over 1600 Section"]
[Site "SchemingMind.com"]
[Date "2005.06.09"]
[Round "-"]
[White "Claude"]
[Black "phildo"]
[Result "0-1"]
[WhiteCountry "ROU"]
[BlackCountry "BDI"]
[WhiteElo "1685"]
[WhiteRD "82"]
[BlackElo "1714"]
[BlackRD "92"]
[GameID "17354"]

1. d4 Nf6 2. Nf3 e6 3. c4 d5 4. Nc3 Bb4 5. Bg5 h6 6. Qa4+ Nc6 7. cxd5 Bxc3+ 8. bxc3 exd5 9. Bxf6 Qxf6 10. Ne5 O-O
11. g3 Nxe5 12. dxe5 Qxe5 13. Qb3 c6 14. Bg2 b6 15. O-O Qxe2 16. Rfe1 Qd3 17. Rad1 Qf5 18. c4 dxc4 19. Qxc4 Be6 20. Qxc6 Rac8
21. Qa4 Rc2 22. Qd4 Rxa2 23. Bf1 Qc5 24. Qf4 Rc8 25. Bd3 a5 26. Rc1 Qf8 27. Qe4 g6 28. Qb7 Rxc1 29. Rxc1 Qa3 30. Rd1 Qc5
31. Qf3 Bg4
0-1

[Event "Ashmaster's Cup Standard Chess Over 1600 Section"]
[Site "SchemingMind.com"]
[Date "2005.06.09"]
[Round "-"]
[White "Ashmaster"]
[Black "Claude"]
[Result "1-0"]
[WhiteCountry "IRL"]
[BlackCountry "ROU"]
[WhiteElo "1256"]
[WhiteRD "75"]
[BlackElo "1582"]
[BlackRD "89"]
[GameID "17355"]

1. d4 Nf6 2. c4 e6 3. Nc3 d5 4. cxd5 exd5 5. Bg5 Be7 6. Nf3 O-O 7. Qc2 Nc6 8. e3 Nb4 9. Qb3 a5 10. a3 Nc6
11. Bb5
1-0

[Event "Ashmaster's Cup Standard Chess Over 1600 Section"]
[Site "SchemingMind.com"]
[Date "2005.06.09"]
[Round "-"]
[White "phildo"]
[Black "Claude"]
[Result "1-0"]
[WhiteCountry "BDI"]
[BlackCountry "ROU"]
[WhiteElo "1714"]
[WhiteRD "92"]
[BlackElo "1685"]
[BlackRD "82"]
[GameID "17356"]

1. e4 e5 2. Nf3 Nc6 3. Bc4 Nf6 4. Ng5 d5 5. exd5 Na5 6. Bb5+ c6 7. dxc6 bxc6 8. Qf3 Bb7 9. Ba4 h6 10. Ne4 Be7
11. d3 O-O 12. Qg3 Nxe4 13. dxe4 Bh4 14. Qf3 f5 15. Bb3+ Kh8 16. O-O fxe4 17. Qxe4 c5 18. Qe2 Nxb3 19. axb3 Qd5 20. f3 e4
21. Nd2 exf3 22. Nxf3 Rae8 23. Be3 Rxf3 24. Rxf3 Qe6 25. Rh3 Bg5 26. Re1 Qe4 27. Qf2 Bc8 28. Rf3 Bg4 29. Rf8+ Rxf8 30. Qxf8+ Kh7
31. Qxc5 Bh4 32. Bf2 Bxf2+ 33. Qxf2 Qg6 34. c4 Qd3 35. Qe3 Qd7 36. b4 Bf5 37. c5 Qb5 38. Qa3 a6 39. Qa5 Qd3 40. c6 Qd4+
41. Kh1 Bc8 42. b5
1-0

[Event "Ashmaster's Cup Standard Chess Over 1600 Section"]
[Site "SchemingMind.com"]
[Date "2005.06.09"]
[Round "-"]
[White "Chess Tiger"]
[Black "Claude"]
[Result "1-0"]
[WhiteCountry "GER"]
[BlackCountry "ROU"]
[WhiteElo "2104"]
[WhiteRD "81"]
[BlackElo "1638"]
[BlackRD "86"]
[GameID "17359"]

1. e4 e6 2. d3 d5 3. Nd2 Bd6 4. Qg4 g6 5. Qe2 Ne7 6. Ngf3 O-O 7. e5 Bc5 8. d4 Bb6 9. h4 c5 10. dxc5 Bxc5
11. Nb3 b6 12. Bh6 Re8 13. Qd2 Bb7 14. h5 Nd7 15. O-O-O Rc8 16. Bg5 Qc7 17. Bb5 a6 18. Nxc5 axb5 19. Nxd7 Qxd7 20. Bf6 Qc7
21. hxg6 fxg6 22. Rxh7 Kxh7 23. Qh6+
1-0

[Event "Ashmaster's Cup Standard Chess Over 1600 Section"]
[Site "SchemingMind.com"]
[Date "2005.06.09"]
[Round "-"]
[White "Chess Tiger"]
[Black "phildo"]
[Result "1-0"]
[WhiteCountry "GER"]
[BlackCountry "BDI"]
[WhiteElo "2154"]
[WhiteRD "103"]
[BlackElo "1714"]
[BlackRD "92"]
[GameID "17360"]

1. e4 e5 2. Nf3 Nc6 3. Bb5 Bc5 4. O-O d6 5. c3 Bd7 6. d4 Bb6 7. dxe5 Nxe5 8. Nxe5 Bxb5 9. Nxf7 Kxf7 10. Qd5+ Kf8
11. Qxb5 Nf6 12. a4 a6 13. Qd3 Kf7 14. Bg5 Rf8 15. Nd2 Kg8 16. a5 Ba7 17. Rae1 Qd7 18. Bxf6 Rxf6 19. Qd5+ Kh8 20. Qxb7
1-0

[Event "Ashmaster's Cup Standard Chess Over 1600 Section"]
[Site "SchemingMind.com"]
[Date "2005.06.09"]
[Round "-"]
[White "Ashmaster"]
[Black "Chess Tiger"]
[Result "0-1"]
[WhiteCountry "IRL"]
[BlackCountry "GER"]
[WhiteElo "1432"]
[WhiteRD "65"]
[BlackElo "2154"]
[BlackRD "103"]
[GameID "17361"]

1. Nf3 d5 2. d4 e6 3. g3 Nf6 4. Nc3 c5 5. e3 Nc6 6. Bb5 a6 7. Bxc6+ bxc6 8. Qe2 Bd6 9. Bd2 a5 10. a4 Ba6
11. Qd1 O-O 12. Ng5 cxd4 13. exd4 e5 14. dxe5 Bxe5 15. Qf3 h6 16. Nh3 Bxc3 17. Bxc3 Re8+ 18. Kd1 Be2+
0-1

[Event "Ashmaster's Cup Standard Chess Over 1600 Section"]
[Site "SchemingMind.com"]
[Date "2005.06.09"]
[Round "-"]
[White "Claude"]
[Black "Chess Tiger"]
[Result "0-1"]
[WhiteCountry "ROU"]
[BlackCountry "GER"]
[WhiteElo "1685"]
[WhiteRD "82"]
[BlackElo "2154"]
[BlackRD "103"]
[GameID "17362"]

1. e4 c5 2. Nf3 e6 3. d4 cxd4 4. Nxd4 a6 5. Nc3 b5 6. Be3 Bb7 7. f3 Nf6 8. Be2 Qc7 9. a3 d5 10. exd5 Nxd5
11. Nxd5 Bxd5 12. Qd2 Nd7 13. O-O-O Rc8 14. Kb1 Bc5 15. g4 O-O 16. h4 Rfd8 17. Rhf1 Nb6 18. g5 e5 19. Nxb5 axb5 20. Qc1 Bxe3
21. Qxe3 Qxc2+ 22. Ka1 Na4 23. Rd2 Qc1+
0-1

[Event "Ashmaster's Cup Standard Chess Over 1600 Section"]
[Site "SchemingMind.com"]
[Date "2005.06.09"]
[Round "-"]
[White "phildo"]
[Black "Chess Tiger"]
[Result "0-1"]
[WhiteCountry "BDI"]
[BlackCountry "GER"]
[WhiteElo "1714"]
[WhiteRD "92"]
[BlackElo "2154"]
[BlackRD "103"]
[GameID "17363"]

1. e4 c5 2. Nf3 e6 3. d4 cxd4 4. Nxd4 a6 5. Bd3 Nf6 6. O-O Qc7 7. c4 Nc6 8. Nxc6 dxc6 9. f4 e5 10. f5 Bc5+
11. Kh1 h5 12. Nc3 Ng4 13. Qf3 Qd8 14. Bc2 Qd4 15. h3 Qxc4 16. Bb3 Qb4 17. Bg5 a5 18. Qg3 a4 19. Nxa4 Rxa4 20. Rad1 f6
21. hxg4 hxg4+ 22. Bh4 Qxe4 23. Bxa4 Qxa4 24. Rfe1 Bb6 25. b3 Qb4 26. Rf1 Qe7 27. Qxg4 g5 28. g3 gxh4 29. gxh4 Qh7
0-1

[Event "Ashmaster's Cup Standard Chess Over 1600 Section"]
[Site "SchemingMind.com"]
[Date "2005.06.10"]
[Round "-"]
[White "Gordon"]
[Black "Claude"]
[Result "1-0"]
[WhiteCountry "ENG"]
[BlackCountry "ROU"]
[WhiteElo "2159"]
[WhiteRD "63"]
[BlackElo "1638"]
[BlackRD "86"]
[GameID "17461"]

1. e4 e5 2. Nf3 Nc6 3. d4 exd4 4. c3 dxc3 5. Bc4 cxb2 6. Bxb2 Bb4+ 7. Nc3 Qe7 8. Qc2 Nf6 9. O-O O-O 10. Nd5 Qd8
11. Nxf6+ gxf6 12. Bd5 Re8 13. Qb3 Qe7 14. Nh4 Bc5 15. Nf5
1-0

[Event "Ashmaster's Cup Standard Chess Over 1600 Section"]
[Site "SchemingMind.com"]
[Date "2005.06.10"]
[Round "-"]
[White "Gordon"]
[Black "Chess Tiger"]
[Result "1-0"]
[WhiteCountry "ENG"]
[BlackCountry "GER"]
[WhiteElo "2083"]
[WhiteRD "63"]
[BlackElo "2154"]
[BlackRD "103"]
[GameID "17462"]

1. e4 e5 2. f4 exf4 3. Nf3 Be7 4. Bc4 Nf6 5. e5 Ng4 6. d4 d5 7. exd6 Bxd6 8. Qe2+ Qe7 9. Qxe7+ Kxe7 10. Nc3 Be6
11. Bd3 Ne3 12. Bxe3 fxe3 13. O-O Bb4 14. Ne4 f5 15. Neg5 Bc8 16. c3 Bd6 17. Nh4 g6 18. Rae1 Kf6 19. Ne4+ Ke7 20. Nxd6 Kxd6
21. Rxe3 Nc6 22. g4 fxg4 23. Rf6+ Kd7 24. Ng2 Kd8 25. Rf7 Bd7 26. d5
1-0

[Event "Ashmaster's Cup Standard Chess Over 1600 Section"]
[Site "SchemingMind.com"]
[Date "2005.06.10"]
[Round "-"]
[White "Gordon"]
[Black "phildo"]
[Result "1-0"]
[WhiteCountry "ENG"]
[BlackCountry "BDI"]
[WhiteElo "2083"]
[WhiteRD "63"]
[BlackElo "1714"]
[BlackRD "92"]
[GameID "17463"]

1. e4 e5 2. Nf3 Nc6 3. d4 exd4 4. c3 dxc3 5. Bc4 d6 6. Nxc3 Nf6 7. Qb3 Qe7 8. Bg5 h6 9. Nd5 Qxe4+ 10. Kf1 hxg5
11. Re1 Qxe1+ 12. Kxe1 Nxd5 13. Bxd5 f6 14. Kd1 Be7 15. Re1 Kd8 16. Bxc6 bxc6 17. Qf7 Re8 18. Qxg7 Bg4 19. Re3 Rb8 20. Kc1 Rb4
21. Nd2 Bf5 22. Qf7 d5 23. Nb3 Rc4+ 24. Kd1 Bc2+= 25. Ke2 Bxb3 26. Rxb3 Rb4 27. Rxb4 Bxb4+ 28. Kd3 Rf8 29. Qe6 Bd6 30. g3 f5
31. h4 gxh4 32. gxh4 f4 33. h5 Re8 34. Qf6+ Kd7 35. Qf5+ Re6 36. h6 Be5 37. h7 Bxb2 38. h8=Q Bxh8 39. Qh7+ Re7 40. Qxh8 c5
41. Qa8 Kd6 42. Qxa7 Re4 43. Qa6+ c6 44. Qa5 f3 45. Qd8+ Ke6 46. Qe8+ Kd6 47. Qf8+ Kd7 48. Qxf3 Ra4 49. Qf7+ Kd6 50. Qf8+ Kd7
51. Qxc5 Rxa2 52. f4 Rh2 53. f5 Rh5 54. Qf8 Rh3+ 55. Kd4 Rf3 56. f6
1-0

[Event "Ashmaster's Cup Standard Chess Over 1600 Section"]
[Site "SchemingMind.com"]
[Date "2005.06.10"]
[Round "-"]
[White "Claude"]
[Black "Gordon"]
[Result "0-1"]
[WhiteCountry "ROU"]
[BlackCountry "ENG"]
[WhiteElo "1638"]
[WhiteRD "86"]
[BlackElo "2159"]
[BlackRD "63"]
[GameID "17465"]

1. d4 Nf6 2. Nf3 e6 3. c4 b6 4. Nc3 Bb4 5. e3 Ne4 6. Qc2 Bb7 7. Be2 O-O 8. O-O Bxc3 9. bxc3 f5 10. Ba3 c5
11. Rfd1 d6 12. Rab1 Nd7 13. d5 e5 14. Bd3 Ndf6 15. Nd2 Nxd2
0-1

[Event "Ashmaster's Cup Standard Chess Over 1600 Section"]
[Site "SchemingMind.com"]
[Date "2005.06.11"]
[Round "-"]
[White "Chess Tiger"]
[Black "Gordon"]
[Result "1-0"]
[WhiteCountry "GER"]
[BlackCountry "ENG"]
[WhiteElo "2154"]
[WhiteRD "103"]
[BlackElo "2083"]
[BlackRD "63"]
[GameID "17466"]

1. d4 Nf6 2. c4 c5 3. d5 b5 4. cxb5 a6 5. bxa6 Bxa6 6. Nc3 d6 7. Nf3 g6 8. e4 Bxf1 9. Kxf1 Bg7 10. g3 O-O
11. Kg2 Nbd7 12. Re1 Ra6 13. h3 Qa8 14. Bg5 h6 15. Bd2 e6 16. dxe6 fxe6 17. Qc2 g5 18. a4 d5 19. e5 g4 20. hxg4 Nxg4
21. Bf4 d4 22. Ne4 Rf5 23. b4 Ndxe5 24. b5 d3 25. Qa2 Nxf3 26. Kxf3 Ne5+ 27. Kg2 Rd6 28. Rad1 Kf7 29. Bxe5 Rxe5 30. f3 Rd4
31. Nxc5 Qd5 32. Qxd5 Rexd5 33. Nxe6 Rxa4 34. Nf4 Rxb5 35. Rxd3 Ra7 36. Kh3 Rba5 37. Nd5 h5 38. Kh4 Bf6+ 39. Nxf6 Kxf6 40. Rd6+ Kf7
41. Rh6 Ra2 42. Rxh5 R7a3 43. Rf5+ Kg6 44. g4 Ra7 45. Re6+ Kg7 46. f4
1-0

[Event "Ashmaster's Cup Standard Chess Over 1600 Section"]
[Site "SchemingMind.com"]
[Date "2005.06.11"]
[Round "-"]
[White "phildo"]
[Black "Gordon"]
[Result "0-1"]
[WhiteCountry "BDI"]
[BlackCountry "ENG"]
[WhiteElo "1714"]
[WhiteRD "92"]
[BlackElo "2083"]
[BlackRD "63"]
[GameID "17467"]

1. e4 c5 2. Nf3 d6 3. d4 cxd4 4. Nxd4 Nf6 5. Nc3 a6 6. Bg5 e6 7. f4 Be7 8. Qf3 Qc7 9. O-O-O Nbd7 10. Be2 b5
11. Bxf6 Nxf6 12. e5 Bb7 13. Qe3 dxe5 14. fxe5 Nd7 15. Bf3 Bxf3 16. Nxf3 Rc8 17. Qe2 b4 18. Na4 Qa5 19. b3 Rc7 20. Kb1 O-O
21. Qe3 Qb5 22. Rhe1 Rfc8 23. Re2 Nc5 24. Nb2 a5 25. Rf2 a4 26. Nc4 Ra7 27. Nd4 Qa6 28. Qf3 f5 29. exf6 Bxf6 30. Qe3 Rd8
31. Ne5 Bxe5 32. Qxe5 axb3 33. cxb3 Nxb3 34. Qf4 Rad7 35. axb3 Ra7 36. Qd2 Qa1+ 37. Kc2 Ra2+
0-1

[Event "Ashmaster's Cup Standard Chess Over 1600 Section"]
[Site "SchemingMind.com"]
[Date "2005.06.11"]
[Round "-"]
[White "Nenad"]
[Black "Gordon"]
[Result "0-1"]
[WhiteCountry "SLO"]
[BlackCountry "ENG"]
[WhiteElo "2061"]
[WhiteRD "99"]
[BlackElo "2159"]
[BlackRD "63"]
[GameID "17536"]

1. Nf3 Nf6 2. d4 e6 3. c4 b6 4. g3 Ba6 5. b3 Bb4+ 6. Bd2 Be7 7. Bg2 c6 8. Bc3 d5 9. Ne5 Nfd7 10. Nxd7 Nxd7
11. Nd2 O-O 12. O-O Nf6 13. e4 b5 14. e5 Nd7 15. Re1 bxc4 16. bxc4 dxc4 17. Qa4 Bb5 18. Qc2 Qc7 19. a4 Ba6 20. Bf1 Nb6
21. a5 Nd5 22. Nxc4 c5 23. dxc5 Bxc5 24. Rac1 Bxc4 25. Bxc4 Bxf2+ 26. Qxf2 Qxc4 27. Bd4 Qb5 28. Rf1 Qd7 29. a6 Rfb8 30. Bc5 Rb5
31. h3 Ra5 32. Ra1 Rxa1 33. Rxa1 f5 34. Qb2 Qc7 35. Bd4 Rb8 36. Qf2 f4 37. Rf1 Qc4 38. Bxa7 Rb3 39. gxf4 Rxh3 40. Bd4 Qxa6
41. f5 Qd3 42. f6 gxf6 43. exf6 Kf7 44. Ra1 Qg6+
0-1

[Event "Ashmaster's Cup Standard Chess Over 1600 Section"]
[Site "SchemingMind.com"]
[Date "2005.06.11"]
[Round "-"]
[White "Nenad"]
[Black "Ashmaster"]
[Result "1-0"]
[WhiteCountry "SLO"]
[BlackCountry "IRL"]
[WhiteElo "2061"]
[WhiteRD "99"]
[BlackElo "1276"]
[BlackRD "63"]
[GameID "17537"]

1. d4 Nf6 2. c4 g6 3. Nc3 Bg7 4. e4 d6 5. Be2 O-O 6. Bg5 Nbd7 7. Qd2 e5 8. d5 c6 9. dxc6 bxc6 10. Qxd6 Nb8
11. O-O-O Qxd6 12. Rxd6 Ne8 13. Rd1 Bf6 14. Be3
1-0

[Event "Ashmaster's Cup Standard Chess Over 1600 Section"]
[Site "SchemingMind.com"]
[Date "2005.06.11"]
[Round "-"]
[White "Nenad"]
[Black "Chess Tiger"]
[Result "1-0"]
[WhiteCountry "SLO"]
[BlackCountry "GER"]
[WhiteElo "2080"]
[WhiteRD "98"]
[BlackElo "2173"]
[BlackRD "87"]
[GameID "17539"]

1. d4 d5 2. c4 e6 3. Nf3 Nf6 4. Bg5 Nbd7 5. Nc3 c6 6. e3 Qa5 7. cxd5 Nxd5 8. Qd2 Bb4 9. Rc1 h6 10. Bh4 c5
11. Be2 cxd4 12. Nxd4 O-O 13. Nb3 Qb6 14. O-O Nxc3 15. bxc3 Ba3 16. Rb1 Qc7 17. Nd4 a6 18. Rfd1 Re8 19. Nc2 Bf8 20. c4 Nc5
21. f3 Bd7 22. Bg3 Qd8 23. Qc3 Qg5 24. Rd2 Rac8 25. Bf4 Qf5 26. Be5 Bc6 27. Bg3 Be7 28. Rbd1 Ba4 29. e4 Qg6 30. Re1 f5
31. exf5 exf5 32. Bf2 Bf6 33. Qa3 Bxc2 34. Rxc2 b6 35. Rd1 Be7 36. Qc1 Rc6 37. Rd5 Re6 38. Bf1 Bd6 39. Qd2 Bc7 40. Rc1 Qh5
41. h3 Qg6 42. Rd1 Be5 43. Kh1 Kh8 44. Qb4 Bf4 45. Qb1 Rf6 46. Re1 Rxe1 47. Qxe1 Re6 48. Qc3 Kg8 49. Kg1 Qg5 50. h4 Qe7
51. Qc2 Re5 52. Rd4 Ne6 53. Rd1 Qc7 54. c5 Kh8 55. Qc3 Rxc5 56. Bxc5 Nxc5 57. Qe1 Qf7 58. Rd4 Bc7 59. Bc4 Qf8 60. Rd1 b5
61. Bd5 f4 62. h5 Bb6 63. Kf1 Bd8 64. Qe5 Nd7 65. Qe6 Nf6 66. Rc1
1-0

[Event "Ashmaster's Cup Standard Chess Over 1600 Section"]
[Site "SchemingMind.com"]
[Date "2005.06.11"]
[Round "-"]
[White "Gordon"]
[Black "Nenad"]
[Result "1-0"]
[WhiteCountry "ENG"]
[BlackCountry "SLO"]
[WhiteElo "2128"]
[WhiteRD "59"]
[BlackElo "2080"]
[BlackRD "98"]
[GameID "17541"]

1. e4 c6 2. d4 d5 3. e5 Bf5 4. Nc3 e6 5. g4 Bg6 6. Nge2 c5 7. h4 h5 8. Nf4 Bh7 9. Nxh5 cxd4 10. Qxd4 Nc6
11. Bb5 Bxc2 12. Bg5 Ne7 13. Rc1 Bh7 14. Qa4 Qc8 15. Ne2 a6 16. Bxc6+ Nxc6 17. Nd4 Kd7 18. Rh3 Qc7 19. Rf3 Qxe5+ 20. Be3 Bb4+
21. Kf1 Qh2 22. Ke2 b5 23. Nxb5 axb5 24. Qxb5 Rac8 25. Rxf7+ Be7 26. Bg5 Qe5+ 27. Kf1 Bd3+ 28. Qxd3 Rhf8 29. Rxg7 Qxb2 30. Rc2 Qb1+
31. Kg2
1-0

[Event "Ashmaster's Cup Standard Chess Over 1600 Section"]
[Site "SchemingMind.com"]
[Date "2005.06.14"]
[Round "-"]
[White "Ashmaster"]
[Black "Nenad"]
[Result "0-1"]
[WhiteCountry "IRL"]
[BlackCountry "SLO"]
[WhiteElo "1276"]
[WhiteRD "63"]
[BlackElo "2061"]
[BlackRD "99"]
[GameID "17542"]

1. Nf3 d5 2. d4 e6 3. Nc3 Nf6 4. Ne5 Nbd7 5. Nxd7 Bxd7 6. Bd2 c5 7. e3 Be7 8. Bd3 O-O 9. dxc5 Bxc5 10. O-O Rc8
11. Qf3 Qc7 12. a3 Bd6 13. Rfe1 Bxh2+ 14. Kh1 Be5
0-1

[Event "Ashmaster's Cup Standard Chess Over 1600 Section"]
[Site "SchemingMind.com"]
[Date "2005.06.11"]
[Round "-"]
[White "Chess Tiger"]
[Black "Nenad"]
[Result "1/2-1/2"]
[WhiteCountry "GER"]
[BlackCountry "SLO"]
[WhiteElo "2154"]
[WhiteRD "103"]
[BlackElo "1970"]
[BlackRD "123"]
[GameID "17544"]

1. e4 c6 2. d4 d5 3. e5 Bf5 4. h4 h5 5. c4 e6 6. Nc3 Nd7 7. cxd5 cxd5 8. Bg5 Be7 9. Qd2 Bxg5 10. hxg5 a6
11. Be2 Bg6 12. g4 h4 13. Nf3 h3 14. Ng1 h2 15. Nf3 Ne7 16. Rxh2 Rxh2 17. Nxh2 Rc8 18. Nf3 Be4 19. Nh4 Qb6 20. f3 Bh7
21. f4 Kf8 22. Na4 Qc6 23. Qb4 Qc7 24. f5 exf5 25. gxf5 Ke8 26. Qd2 Nxf5 27. Nxf5 Bxf5 28. Nc3 Nb6 29. Kf2 Nc4 30. Bxc4 Qxc4
31. Rc1 Kd7 32. Ne2 Qxa2 33. Rxc8 Kxc8 34. Qb4 Kb8 35. Nc3 Qc4 36. Qd6+ Ka7 37. Qxd5 Qd3 38. Ne2 Be6 39. Qf3 Qc2 40. Qc3 Qf5+
41. Ke1 Kb8=
1/2-1/2

[Event "Ashmaster's Cup Standard Chess Over 1600 Section"]
[Site "SchemingMind.com"]
[Date "2005.06.11"]
[Round "-"]
[White "phildo"]
[Black "Nenad"]
[Result "0-1"]
[WhiteCountry "BDI"]
[BlackCountry "SLO"]
[WhiteElo "1714"]
[WhiteRD "92"]
[BlackElo "1970"]
[BlackRD "123"]
[GameID "17545"]

1. e4 c5 2. Nf3 Nc6 3. Bb5 e6 4. Bxc6 dxc6 5. Nc3 Ne7 6. d3 Ng6 7. Be3 e5 8. h3 Be7 9. Qd2 O-O 10. O-O-O a5
11. h4 h5 12. Bg5 f6 13. Be3 a4 14. a3 b5 15. Ng1 b4 16. Nb1 Rb8 17. f4 exf4 18. Bxf4 Nxf4 19. Qxf4 Qb6 20. Kd2 c4
21. Nf3 cxd3 22. cxd3 Qf2+ 23. Kc1 bxa3
0-1

[Event "Ashmaster's Cup Standard Chess Over 1600 Section"]
[Site "SchemingMind.com"]
[Date "2005.06.15"]
[Round "-"]
[White "winkel"]
[Black "Gordon"]
[Result "0-1"]
[WhiteCountry "DEN"]
[BlackCountry "ENG"]
[WhiteElo "2064"]
[WhiteRD "82"]
[BlackElo "2173"]
[BlackRD "63"]
[GameID "17828"]

1. e4 c5 2. Nf3 d6 3. d4 cxd4 4. Nxd4 Nf6 5. Nc3 a6 6. Bc4 e6 7. O-O b5 8. Bd3 Bb7 9. a3 Nbd7 10. f4 Be7
11. Qf3 O-O 12. Qh3 Nc5 13. Be3 Qc7 14. Rac1 Rfe8 15. Qf3 Rac8 16. b4 Ncd7 17. Nb1 Nb6 18. a4 Nxa4 19. c4 bxc4 20. Rxc4 Qd7
21. Rxc8 Rxc8 22. Nd2 Nb2 23. Bb1 Nc4 24. Bd3 Nxe3 25. Qxe3 Bd8 26. Ne2 Qc6 27. Kh1 Qb6 28. Qxb6 Bxb6 29. h3 a5 30. Rb1 a4
31. Ra1 Ra8 32. Bc2 Bc6 33. Ra3 Bf2 34. g4 d5 35. Kg2 Be1 36. Nd4 Bd7 37. N4f3 Bxd2 38. Nxd2 dxe4 39. Nb3 e3 40. Nd4 Nd5
41. Be4 Rb8 42. Bxd5 exd5 43. Kf3 Rxb4 44. Kxe3 Kf8 45. Kd3 Ke7 46. Rc3 Kd6 47. Ke3 Rc4 48. Rxc4 dxc4 49. Kd2 a3 50. Nc2 a2
51. Kc3 Ba4
0-1

[Event "Ashmaster's Cup Standard Chess Over 1600 Section"]
[Site "SchemingMind.com"]
[Date "2005.06.15"]
[Round "-"]
[White "winkel"]
[Black "Chess Tiger"]
[Result "0-1"]
[WhiteCountry "DEN"]
[BlackCountry "GER"]
[WhiteElo "2040"]
[WhiteRD "87"]
[BlackElo "2173"]
[BlackRD "87"]
[GameID "17831"]

1. e4 c5 2. Nf3 e6 3. Nc3 a6 4. d4 cxd4 5. Nxd4 Qc7 6. Be2 b5 7. O-O Bb7 8. a3 Nf6 9. Qd3 d6 10. f4 Nbd7
11. Bf3 Be7 12. Bd2 O-O 13. Rad1 Rfe8 14. Rfe1 Rad8 15. Kh1 Bf8 16. Qe3 Nb6 17. b3 Rc8 18. Rf1 Nbd7 19. b4 Nb6 20. Be2 g6
21. e5 Nfd7 22. Ne4 Bxe4 23. Qxe4 dxe5 24. fxe5 Bg7 25. Bg5 Nxe5 26. Qh4 f5 27. Bf4 Qf7 28. Bxe5 Bxe5 29. Qf2 Qc7 30. Rd3 Bxd4
31. Rxd4 Qxc2 32. Rd6 Nd5 33. Qe1 Rc3 34. Bxb5 Re3 35. Bxe8 Rxe1 36. Rxe1 Ne3 37. Bc6 Qf2 38. Rb1 e5 39. Rg1 Ng4 40. Rb1 Qf4
41. Rd8+ Kg7
0-1

[Event "Ashmaster's Cup Standard Chess Over 1600 Section"]
[Site "SchemingMind.com"]
[Date "2005.06.15"]
[Round "-"]
[White "winkel"]
[Black "Nenad"]
[Result "1-0"]
[WhiteCountry "DEN"]
[BlackCountry "SLO"]
[WhiteElo "2107"]
[WhiteRD "75"]
[BlackElo "2074"]
[BlackRD "92"]
[GameID "17832"]

1. e4 c5 2. Nf3 Nc6 3. d4 cxd4 4. Nxd4 e5 5. Nb5 a6 6. Nd6+ Bxd6 7. Qxd6 Qf6 8. Qd1 Qg6 9. Nc3 d5 10. Nxd5 Qxe4+
11. Be3 Nd4 12. Nc7+ Ke7 13. Nxa8 Nxc2+ 14. Kd2 Bf5 15. Bc5+ Kf6 16. Kc1 Qc6 17. Qd8+ Kg6 18. h4 Nf6 19. Qd2 Ne4 20. Qxc2 Nxc5
21. h5+ Kf6 22. Qc4 b5 23. Qh4+ Ke6 24. Kd1 Qxa8 25. h6 g5 26. Qxg5 Ne4 27. Qe3 Qd8+ 28. Ke2 Bg4+ 29. f3 Ng3+ 30. Kf2 Nxh1+
31. Kg1 Ng3 32. Re1 f6 33. fxg4 Nxf1 34. Kxf1 Rg8 35. Qe4 Rg6 36. Rc1 Qd7 37. Rc6+ Kf7 38. Rb6 f5 39. Qb7 Qxb7 40. Rxb7+ Kf6
41. gxf5 Rxh6 42. Rb6+ Kg5 43. Rxh6 Kxh6 44. Ke2 Kg5 45. g4 h5= 46. gxh5 Kxf5 47. Kd3 Kg5 48. Ke4 Kxh5 49. Kxe5 Kg5 50. b4 Kg4
51. Kd4
1-0

[Event "Ashmaster's Cup Standard Chess Over 1600 Section"]
[Site "SchemingMind.com"]
[Date "2005.06.15"]
[Round "-"]
[White "winkel"]
[Black "phildo"]
[Result "1-0"]
[WhiteCountry "DEN"]
[BlackCountry "BDI"]
[WhiteElo "2040"]
[WhiteRD "87"]
[BlackElo "1733"]
[BlackRD "77"]
[GameID "17833"]

1. e4 e5 2. Nf3 Nc6 3. Bc4 Bc5 4. Nc3 Nf6 5. d3 d6 6. O-O h6 7. Nd5 O-O 8. c3 Nxd5 9. exd5 Ne7 10. Qe2 Bg4
11. h3 Bxf3 12. Qxf3 f5 13. Re1 Kh8 14. b4 Bb6 15. b5 Qd7 16. a4 Rae8 17. a5 Bc5 18. Rd1 e4 19. Qh5 f4 20. d4 Rf5
21. Qg4 h5 22. Qe2 Bxd4 23. Rxd4 f3 24. Qe3 fxg2 25. Rxe4
1-0

[Event "Ashmaster's Cup Standard Chess Over 1600 Section"]
[Site "SchemingMind.com"]
[Date "2005.06.15"]
[Round "-"]
[White "Gordon"]
[Black "winkel"]
[Result "1-0"]
[WhiteCountry "ENG"]
[BlackCountry "DEN"]
[WhiteElo "2173"]
[WhiteRD "63"]
[BlackElo "2064"]
[BlackRD "82"]
[GameID "17834"]

1. e4 e5 2. f4 exf4 3. Nf3 d5 4. exd5 Qxd5 5. Nc3 Qe6+ 6. Be2 Nd7 7. O-O Bd6 8. d4 Qh6 9. Nb5 Ne7 10. Qd2 Nd5
11. c4 Ne3 12. c5 Nxf1 13. Kxf1 a6 14. cxd6 axb5 15. dxc7 O-O 16. Qxf4 Qb6 17. Bd2 Re8 18. Bb4 Ra6 19. Qc1 Qe6 20. Bxb5 Rb6
21. Bc4 Qf5 22. Qg5 Qxg5 23. Nxg5 Rf6+ 24. Nf3 Rc6 25. Bb5 Rxc7 26. d5 b6 27. Nd4 Kh8 28. a4 Ra7 29. Kf2 Re4 30. Rc1 Bb7
31. Nc6 Ra8 32. Be7 f5 33. b3 g6 34. Bd3 Rf4+ 35. Kg1 Rc8 36. Rc2 Rg4 37. Bd6 Kg7 38. h3 Rh4 39. Bg3 Rh5 40. Be2 Rh6=
41. Bc4 Nf6 42. Ne7 Rd8 43. Bc7 Rd7 44. d6 Rh4 45. Be6 Rd4 46. Bxd7 Nxd7 47. Nc6 Rd1+ 48. Kf2 Kf6 49. b4 Bxc6 50. Rxc6 Rd4
51. Bxb6 Rxb4 52. a5 Rb2+ 53. Kg3 Ke6 54. Bc7 g5 55. Rc1 f4+ 56. Kh2 Nf6 57. Re1+ Kd7 58. Re7+ Kc6 59. Rf7 Ne4 60. a6 Nxd6
61. Bxd6 Kxd6 62. a7 Ra2 63. Rxh7 Ke6 64. Kg1 Ke5 65. Kf1 Ke6 66. Ke1 Ke5 67. Kd1 Kd4 68. Kc1 Kc5 69. Kb1 Ra4 70. Kb2 Kc6
71. Kb3 Ra1 72. Rg7 Kb6 73. Kc4
1-0